000 00760nam a2200241 a 4500
001 000015543
003 OSt
005 20260321073639.0
008 100212s2009 dr 000 0 spa d
020 _a9789945002492
040 _aDO-SdBNP
_bspa
_cBNPHU
049 _aBNPD
082 _aRD860.44
_bB742zB
100 1 _aTorres, Sabino
_935082
245 1 0 _aBosch :
_bmaestro, sin cuentos, de la narrativa breve /
_cSabino Torres ; presentación Augusto Feria.
260 _aSanto Domingo :
_bBúho,
_c2009.
300 _a33 p. ;
_c22 cm.
504 _aIncluye referencias bibliográficas a pie de las páginas
600 1 0 _a Bosch, Juan,
_d1909-2001
_976555
650 0 _aLiteratura dominicana.
_967
700 1 _aFeria, Augusto
_933347
942 _2ddc
_cLBS1
999 _c15099
_d15099